LIBRARY & INFORMATION CENTRE, KCAET, TAVANUR

ONLINE PUBLIC ACCESS CATALOGUE (OPAC)

Managing Postharvest Quality and Losses in Horticultural Crops, Volume -2, Fruit Crops (Record no. 14471)

MARC details
000 -LEADER
fixed length control field 00425nam a22001337a 4500
020 ## - INTERNATIONAL STANDARD BOOK NUMBER
ISBN 9789351243564
082 ## - DEWEY DECIMAL CLASSIFICATION NUMBER
Classification number 631.56
Item number CHA/MA
245 ## - TITLE STATEMENT
Title Managing Postharvest Quality and Losses in Horticultural Crops, Volume -2, Fruit Crops
260 ## - PUBLICATION, DISTRIBUTION, ETC. (IMPRINT)
Place of publication New Delhi
Name of publisher Daya Publishing House, A Division of Astral International Pvt.Ltd
Year of publication 2015
300 ## - PHYSICAL DESCRIPTION
Number of Pages 253 to 579
700 ## - ADDED ENTRY--PERSONAL NAME
Personal name Chadha,K.L
700 ## - ADDED ENTRY--PERSONAL NAME
Personal name Pal,R.K
942 ## - ADDED ENTRY ELEMENTS (KOHA)
Koha item type Books
Holdings
Withdrawn status Lost status Damaged status Collection code Home library Current library Shelving location Date acquired Source of acquisition Cost, normal purchase price Full call number Accession Number Koha item type
        KAUAET KAUAET General Stacks 07/07/2016 Arunima Book Distributor,TVPM 5995.00 631.56 CHA/MA 24828 Books
free website counter